| 000 | 01021cam a2200301 a 4500 | ||
|---|---|---|---|
| 001 | 014848591 | ||
| 003 | OSt | ||
| 005 | 20150408113955.0 | ||
| 008 | 111208s2009 enkab b s001 0 eng d | ||
| 010 | _a 2008041406 | ||
| 020 | _a9780199599059 | ||
| 040 |
_aStDuBDS _beng _cmu _dUk |
||
| 042 | _aukscp | ||
| 043 | _ae-gr--- | ||
| 082 | 0 | 4 |
_a306.44949509 M P L _222 |
| 100 | 1 |
_aMackridge, Peter. _97332 |
|
| 245 | 1 | 0 |
_aLanguage and national identity in Greece, 1766-1976 / _cPeter Mackridge. |
| 260 |
_aOxford : _bOxford University Press, _c2009. |
||
| 300 |
_axiv, 385 p. : _bill., maps ; _c24 cm. |
||
| 504 | _aIncludes bibliographical references (p. [339]-369) and index. | ||
| 650 | 0 |
_aGreek language, Modern _xPolitical aspects _xHistory. _97333 |
|
| 650 | 0 |
_aLanguage policy _zGreece. _97334 |
|
| 650 | 0 |
_aNationalism _zGreece _xHistory. _97335 |
|
| 690 | 7 |
_aSocial Welfare _2blcoll _97336 |
|
| 942 |
_2ddc _cDVD |
||
| 999 |
_c19441 _d253941 |
||